[Event "Titled Tuesday 2021.03.23"]
[Site "chess.com INT"]
[Date "2021.03.23"]
[Round "11"]
[White "Hambleton, Aman"]
[Black "Dang, H."]
[Result "1-0"]
[WhiteElo "2454"]
[BlackElo "2350"]
[PlyCount "87"]
[EventDate "2021.03.23"]
[EventType "swiss (blitz)"]
[EventRounds "11"]
[EventCountry "NET"]
[Source "Mark Crowther"]
[SourceDate "2021.03.29"]

1. d4 Nf6 2. c4 g6 3. Nc3 Bg7 4. e4 O-O 5. f3 d6 6. Be3 c5 7. dxc5 dxc5 8. Qxd8
Rxd8 9. Bxc5 Nc6 10. Nd5 e6 11. Ne7+ Nxe7 12. Bxe7 Rd7 13. Ba3 b6 14. Ne2 Bb7
15. Nc3 Nh5 16. Rd1 Rad8 17. Rxd7 Rxd7 18. c5 Nf4 19. Bb5 Nxg2+ 20. Kf1 Rd2 21.
c6 Bc8 22. Ne2 Ne3+ 23. Kf2 Nd1+ 24. Ke1 Bh6 25. f4 Nf2 26. Kxf2 Bxf4 27. Kf3
Be5 28. Rc1 a6 29. Bc4 b5 30. Bb3 Rd3+ 31. Kf2 Bc7 32. Bc5 Rh3 33. Kg1 Rxh2 34.
Bf2 Rh5 35. Ng3 Rg5 36. Kh2 h5 37. Kh3 Bf4 38. Rd1 e5+ 39. Kg2 h4 40. Rd8+ Kg7
41. Rxc8 hxg3 42. Bg1 Rh5 43. c7 Rg5 44. Rd8 1-0

[Event "Titled Tuesday 2021.01.12"]
[Site "chess.com INT"]
[Date "2021.01.12"]
[Round "1"]
[White "Gaboyan, S."]
[Black "Hambleton, Aman"]
[Result "1/2-1/2"]
[WhiteElo "2211"]
[BlackElo "2454"]
[PlyCount "181"]
[EventDate "2021.01.12"]
[EventType "swiss (blitz)"]
[EventRounds "11"]
[EventCountry "NET"]
[Source "Mark Crowther"]
[SourceDate "2021.01.18"]

1. Nf3 d5 2. g3 c6 3. Bg2 Nf6 4. O-O Bf5 5. d3 e6 6. Nbd2 h6 7. Qe1 Bh7 8. e4
Be7 9. Qe2 a5 10. a4 Na6 11. Ne5 O-O 12. b3 Qb6 13. Bb2 Rad8 14. Ng4 Nd7 15. h4
Rfe8 16. Nxh6+ gxh6 17. Qg4+ Bg6 18. h5 Bf6 19. Ba3 Bxa1 20. Rxa1 Nf6 21. Qf4
Nxh5 22. Qxh6 Qd4 23. Rf1 Qg7 24. Qg5 Nb4 25. Nb1 Nxc2 26. Bc1 Nd4 27. Be3 Nxb3
28. d4 dxe4 29. Nc3 Nxd4 30. Nxe4 Bxe4 31. Qxh5 Bxg2 32. Kxg2 Nf5 33. Bf4 Rd5
34. Qf3 Red8 35. Rh1 Rd3 36. Qe2 R3d4 37. Be5 f6 38. Bxd4 Nxd4 39. Qe4 e5 40.
Rh4 f5 41. Qb1 Qf7 42. Qc1 Rd6 43. Qg5+ Rg6 44. Qd8+ Qf8 45. Rh8+ Kxh8 46.
Qxf8+ Kh7 47. Qe7+ Rg7 48. Qxe5 Nb3 49. Qxf5+ Kh8 50. Qf8+ Kh7 51. Qf5+ Kh8 52.
Qh5+ Kg8 53. Qe8+ Kh7 54. Qe4+ Kh8 55. Qc4 Nd2 56. Qh4+ Rh7 57. Qf6+ Kg8 58.
Qd8+ Kf7 59. Qxd2 Ke6 60. Qxa5 Rd7 61. Qe1+ Kd6 62. Qe4 c5 63. Qf4+ Kc6 64.
Qf6+ Rd6 65. Qe5 c4 66. g4 Rd5 67. Qe6+ Kc5 68. g5 Rxg5+ 69. Kf3 Rd5 70. Qc8+
Kd4 71. Qxb7 c3 72. Qxd5+ Kxd5 73. Ke2 Kc4 74. Kd1 Kb3 75. Kc1 Kxa4 76. f4 Kb5
77. Kc2 Kc6 78. Kxc3 Kd6 79. Kd4 Ke6 80. Ke4 Kf6 81. Ke3 Kf5 82. Kf3 Kf6 83.
Ke4 Ke6 84. f5+ Kf6 85. Kf4 Kf7 86. Ke5 Ke7 87. f6+ Kf7 88. Kf5 Kf8 89. Kg6 Kg8
90. f7+ Kf8 91. Kf6 1/2-1/2

[Event "Titled Tuesday 2021.01.12"]
[Site "chess.com INT"]
[Date "2021.01.12"]
[Round "2"]
[White "Hambleton, Aman"]
[Black "Pandey, Srishti"]
[Result "1-0"]
[WhiteElo "2454"]
[BlackElo "2026"]
[PlyCount "119"]
[EventDate "2021.01.12"]
[EventType "swiss (blitz)"]
[EventRounds "11"]
[EventCountry "NET"]
[Source "Mark Crowther"]
[SourceDate "2021.01.18"]

1. d4 d5 2. Bf4 e6 3. e3 Bd6 4. Nf3 Nf6 5. Nbd2 O-O 6. Bd3 b6 7. Qe2 c5 8. c3
Bb7 9. O-O Nc6 10. Ne5 Qc7 11. Nxc6 Bxc6 12. Bxd6 Qxd6 13. f4 c4 14. Bc2 b5 15.
a3 a5 16. e4 dxe4 17. Nxe4 Bxe4 18. Bxe4 Rab8 19. Bc2 Rfc8 20. f5 exf5 21. Rxf5
b4 22. axb4 axb4 23. Raf1 bxc3 24. bxc3 Re8 25. Qxc4 Rbc8 26. Qd3 h6 27. Rxf6
gxf6 28. Qh7+ Kf8 29. Qh8+ Ke7 30. Re1+ Kd7 31. Ba4+ Kc7 32. Rxe8 Rxe8 33. Qxe8
Qf4 34. Qe1 Kb6 35. Be8 h5 36. Bxf7 h4 37. h3 Kc6 38. Bh5 Kd6 39. Bf3 Qg5 40.
Kh1 Qf4 41. Qd1 Qe3 42. c4 f5 43. c5+ Kc7 44. Bh5 f4 45. Bf3 Kd7 46. Bg4+ Kc7
47. d5 Qxc5 48. d6+ Kd8 49. d7 Qf2 50. Qc1 Ke7 51. Qd1 Kd8 52. Qe2 Qd4 53. Qe8+
Kc7 54. Qc8+ Kb6 55. d8=Q+ Kb5 56. Qxd4 Ka5 57. Qcc5+ Ka6 58. Qdd6+ Kb7 59.
Qcc7+ Ka8 60. Qdd8# 1-0

[Event "Titled Tuesday 2021.01.12"]
[Site "chess.com INT"]
[Date "2021.01.12"]
[Round "3"]
[White "Hambleton, Aman"]
[Black "Sliwicki, D."]
[Result "1-0"]
[WhiteElo "2454"]
[BlackElo "2169"]
[PlyCount "61"]
[EventDate "2021.01.12"]
[EventType "swiss (blitz)"]
[EventRounds "11"]
[EventCountry "NET"]
[Source "Mark Crowther"]
[SourceDate "2021.01.18"]

1. d4 Nf6 2. Bf4 e6 3. e3 d5 4. Nf3 c5 5. c3 Nc6 6. Nbd2 Bd6 7. Bg3 O-O 8. Bd3
Qe7 9. Ne5 Nd7 10. Nxd7 Qxd7 11. Bxd6 Qxd6 12. f4 cxd4 13. cxd4 Bd7 14. a3 f6
15. O-O e5 16. Qh5 e4 17. Be2 f5 18. Rac1 Rf6 19. Qh4 Raf8 20. Qf2 Rh6 21. g3
Be8 22. Rc5 Kh8 23. Rfc1 Bh5 24. Bxh5 Rxh5 25. Qe2 Rh6 26. Qb5 Qg6 27. Qxb7 Qh5
28. Nf1 Nxd4 29. exd4 e3 30. Qe7 Re8 31. Rc8 1-0

[Event "Titled Tuesday 2021.01.12"]
[Site "chess.com INT"]
[Date "2021.01.12"]
[Round "4"]
[White "Svane, R."]
[Black "Hambleton, Aman"]
[Result "1-0"]
[WhiteElo "2613"]
[BlackElo "2454"]
[PlyCount "86"]
[EventDate "2021.01.12"]
[EventType "swiss (blitz)"]
[EventRounds "11"]
[EventCountry "NET"]
[Source "Mark Crowther"]
[SourceDate "2021.01.18"]

1. Nf3 d5 2. g3 c6 3. Bg2 Nf6 4. O-O Bf5 5. c4 e6 6. Qb3 Qb6 7. d3 Nbd7 8. cxd5
cxd5 9. Nc3 Be7 10. Bf4 Qxb3 11. axb3 O-O 12. Nb5 a6 13. Nd6 Bxd6 14. Bxd6 Rfc8
15. Rfc1 Bg4 16. Kf1 Bxf3 17. Bxf3 Ne8 18. Bb4 Ne5 19. Bg2 Rxc1+ 20. Rxc1 Nc6
21. Bc5 Rc8 22. Bb6 Nd6 23. e4 dxe4 24. dxe4 Nb5 25. Rd1 Nbd4 26. Rxd4 Nxd4 27.
Bxd4 Rc1+ 28. Ke2 Rc2+ 29. Kd3 Rc1 30. Kd2 Rc7 31. e5 Kf8 32. b4 Ke8 33. Be4
Rd7 34. Ke3 g6 35. Bb6 Ke7 36. Ke2 Ke8 37. f4 Re7 38. Bc2 Kd7 39. Ba4+ Kc8 40.
g4 h6 41. h4 Kb8 42. Bd8 Rc7 43. Bxc7+ Kxc7 1-0

[Event "Titled Tuesday 2021.01.12"]
[Site "chess.com INT"]
[Date "2021.01.12"]
[Round "5"]
[White "Damjanovic, V."]
[Black "Hambleton, Aman"]
[Result "1-0"]
[WhiteElo "2393"]
[BlackElo "2454"]
[PlyCount "51"]
[EventDate "2021.01.12"]
[EventType "swiss (blitz)"]
[EventRounds "11"]
[EventCountry "NET"]
[Source "Mark Crowther"]
[SourceDate "2021.01.18"]

1. d4 e5 2. dxe5 Nc6 3. Nf3 Qe7 4. Bf4 Qb4+ 5. Bd2 Qxb2 6. Nc3 Bb4 7. Rb1 Qxc3
8. Bxc3 Bxc3+ 9. Nd2 Bxe5 10. e3 Nf6 11. Bb5 O-O 12. O-O a6 13. Bxc6 bxc6 14.
Nc4 Re8 15. Nxe5 Rxe5 16. Qd4 d6 17. f3 h6 18. Rb2 Be6 19. Rfb1 Kh7 20. Qd3+
Bf5 21. e4 Be6 22. Rb8 Rxb8 23. Rxb8 Bxa2 24. c4 g6 25. Rb2 Ra5 26. Qc3 1-0

[Event "Titled Tuesday 2021.01.12"]
[Site "chess.com INT"]
[Date "2021.01.12"]
[Round "7"]
[White "Przybylski, W."]
[Black "Hambleton, Aman"]
[Result "0-1"]
[WhiteElo "2321"]
[BlackElo "2454"]
[PlyCount "120"]
[EventDate "2021.01.12"]
[EventType "swiss (blitz)"]
[EventRounds "11"]
[EventCountry "NET"]
[Source "Mark Crowther"]
[SourceDate "2021.01.18"]

1. e4 b6 2. d4 Bb7 3. Nc3 e6 4. Nf3 Bb4 5. Bd3 Nf6 6. Qe2 d5 7. e5 Ne4 8. O-O
Nxc3 9. bxc3 Bxc3 10. Rb1 Nc6 11. Be3 h6 12. Bb5 a6 13. Bd3 Nb4 14. Rb3 Nxd3
15. Rxc3 Nb4 16. Nd2 Nxa2 17. Rb3 a5 18. Qg4 Qe7 19. Qxg7 O-O-O 20. Qf6 Qxf6
21. exf6 Nb4 22. c3 Nc6 23. Nf3 Ba6 24. Ra3 Bxf1 25. Kxf1 Rdg8 26. Nh4 Nb8 27.
h3 Nd7 28. Bf4 Kb7 29. g4 Ra8 30. Ke2 Rh7 31. g5 hxg5 32. Bxg5 Rh5 33. Nf3 Rxh3
34. Ra1 Rg8 35. Bf4 Nxf6 36. Ne5 Ne4 37. c4 f6 38. Nd7 Rd8 39. f3 Rxd7 40. fxe4
dxe4 41. Be3 Rh2+ 42. Bf2 Rxd4 43. Ke3 Rxc4 44. Bg1 Rh1 45. Kf4 Rxg1 46. Rxg1
f5 47. Rb1 Rc6 48. Ke5 Ka6 49. Ra1 b5 50. Rd1 Kb6 51. Rd8 a4 52. Rb8+ Kc5 53.
Ra8 Kb4 54. Kf4 Rc4 55. Rd8 a3 56. Rd1 a2 57. Ra1 Ka3 58. Re1 b4 59. Rd1 b3 60.
Rc1 Rxc1 0-1

[Event "Titled Tuesday 2021.01.12"]
[Site "chess.com INT"]
[Date "2021.01.12"]
[Round "8"]
[White "Vazquez, Facundo"]
[Black "Hambleton, Aman"]
[Result "1/2-1/2"]
[WhiteElo "2207"]
[BlackElo "2454"]
[PlyCount "109"]
[EventDate "2021.01.12"]
[EventType "swiss (blitz)"]
[EventRounds "11"]
[EventCountry "NET"]
[Source "Mark Crowther"]
[SourceDate "2021.01.18"]

1. d4 Nf6 2. c4 e6 3. Nf3 b6 4. a3 Bb7 5. Nc3 g6 6. d5 Bg7 7. e4 d6 8. Bd3 O-O
9. O-O Nbd7 10. Rb1 c6 11. dxe6 fxe6 12. e5 dxe5 13. Qe2 Nh5 14. Rd1 Qc7 15. b4
Rae8 16. Ng5 Nf4 17. Qc2 h6 18. Nge4 g5 19. Bf1 Rd8 20. g3 Nh5 21. Bh3 Ndf6 22.
Bxe6+ Kh8 23. Be3 Bc8 24. Bxc8 Qxc8 25. Rxd8 Rxd8 26. Rd1 Rf8 27. Nd6 Qh3 28.
f3 g4 29. Qg2 Qxg2+ 30. Kxg2 gxf3+ 31. Kg1 Ng4 32. Bf2 Kg8 33. Nde4 Nhf6 34. h3
Nxe4 35. Nxe4 Nf6 36. Nxf6+ Rxf6 37. Rd8+ Rf8 38. Rd6 Re8 39. Be3 e4 40. Kf2
Bf8 41. Rxc6 Rd8 42. Rg6+ Kf7 43. Rc6 Rd3 44. Rc7+ Ke6 45. Rc8 Be7 46. Rc6+ Kf7
47. Rxh6 Rxa3 48. Rh7+ Ke6 49. Rh6+ Kd7 50. Rh7 Ra2+ 51. Kf1 Ke6 52. Rh6+ Kd7
53. Rh7 Ra1+ 54. Kf2 Ra2+ 55. Kf1 1/2-1/2

[Event "Titled Tuesday 2021.01.12"]
[Site "chess.com INT"]
[Date "2021.01.12"]
[Round "9"]
[White "Hambleton, Aman"]
[Black "Perez, Max"]
[Result "1-0"]
[WhiteElo "2454"]
[BlackElo "2417"]
[PlyCount "77"]
[EventDate "2021.01.12"]
[EventType "swiss (blitz)"]
[EventRounds "11"]
[EventCountry "NET"]
[Source "Mark Crowther"]
[SourceDate "2021.01.18"]

1. d4 Nf6 2. Bf4 g6 3. Nc3 Bg7 4. e4 c6 5. Qd2 O-O 6. f3 d5 7. e5 Ne8 8. Bh6 f6
9. Bxg7 Nxg7 10. f4 fxe5 11. dxe5 Bf5 12. Nf3 Nd7 13. Nd4 e6 14. Nxf5 Nxf5 15.
O-O-O b5 16. Ne4 Nxe5 17. Ng5 Nc4 18. Bxc4 bxc4 19. Nxe6 Qb6 20. Nxf8 Rxf8 21.
Rhe1 d4 22. Qe2 Ne3 23. Rxd4 Qxd4 24. Qxe3 Qxe3+ 25. Rxe3 Rxf4 26. Kd2 Kf7 27.
Rf3 Rxf3 28. gxf3 Ke6 29. Ke3 Ke5 30. f4+ Kd5 31. b3 cxb3 32. cxb3 a5 33. a3 c5
34. Kd3 h6 35. h3 g5 36. fxg5 hxg5 37. Kc3 Kd6 38. Kc4 Kc6 39. a4 1-0

[Event "Titled Tuesday 2021.01.12"]
[Site "chess.com INT"]
[Date "2021.01.12"]
[Round "10"]
[White "Hambleton, Aman"]
[Black "Parvanyan, Ashot"]
[Result "0-1"]
[WhiteElo "2454"]
[BlackElo "2436"]
[PlyCount "76"]
[EventDate "2021.01.12"]
[EventType "swiss (blitz)"]
[EventRounds "11"]
[EventCountry "NET"]
[Source "Mark Crowther"]
[SourceDate "2021.01.18"]

1. d4 Nf6 2. Bf4 g6 3. Nc3 d5 4. e3 Bg7 5. h4 h5 6. Nf3 c5 7. Nb5 Na6 8. a4 Bg4
9. c3 O-O 10. Be2 Nd7 11. O-O cxd4 12. exd4 Ndb8 13. Ne5 Bxe2 14. Qxe2 Nc6 15.
Rfe1 Nab8 16. Qf3 a6 17. Nxc6 Nxc6 18. Nc7 e5 19. Nxa8 exf4 20. a5 Qxa8 21.
Qxd5 Qd8 22. Qxd8 Rxd8 23. Re4 f3 24. g3 Bh6 25. Ree1 Kf8 26. Kf1 Rd5 27. Red1
Nxa5 28. Rd3 Nb3 29. Ra3 Nd2+ 30. Ke1 Nc4 31. Ra2 Rb5 32. b4 a5 33. Kd1 axb4
34. Ra8+ Kg7 35. Rxf3 b3 36. Ra1 b2 37. Rb1 Nd2 38. Kc2 Nxf3 0-1

[Event "Titled Tuesday 2021.01.12"]
[Site "chess.com INT"]
[Date "2021.01.12"]
[Round "11"]
[White "Kislov, O."]
[Black "Hambleton, Aman"]
[Result "0-1"]
[WhiteElo "2249"]
[BlackElo "2454"]
[PlyCount "82"]
[EventDate "2021.01.12"]
[EventType "swiss (blitz)"]
[EventRounds "11"]
[EventCountry "NET"]
[Source "Mark Crowther"]
[SourceDate "2021.01.18"]

1. e4 b6 2. c4 Bb7 3. Nc3 e6 4. d4 Bb4 5. f3 Bxc3+ 6. bxc3 d6 7. Bd3 Nd7 8. Ne2
Ne7 9. O-O O-O 10. f4 f5 11. Ng3 fxe4 12. Nxe4 h6 13. Qg4 Nf5 14. Ng3 Nf6 15.
Qe2 Qd7 16. Nxf5 exf5 17. d5 Rae8 18. Qf3 Ne4 19. Be3 Nxc3 20. Bd4 Ne4 21. Rae1
Nd2 22. Qg3 Nxf1 23. Rxf1 Qf7 24. h4 Re7 25. Re1 Rxe1+ 26. Qxe1 Re8 27. Qg3 Re7
28. Kh2 Bc8 29. Qf3 Bd7 30. Kh3 Qg6 31. Qf2 Qg4+ 32. Kh2 a5 33. a3 Ba4 34. Bb2
Bd1 35. g3 Be2 36. Bc2 Bxc4 37. Qd4 Re2+ 38. Kg1 Qxg3+ 39. Kf1 Qf3+ 40. Kg1
Rg2+ 41. Kh1 Rxc2+ 0-1

[Event "Titled Tuesday 2020.12.15"]
[Site "chess.com INT"]
[Date "2020.12.15"]
[Round "2"]
[White "Bodnar, Nikolay"]
[Black "Hambleton, Aman"]
[Result "1-0"]
[WhiteElo "2434"]
[BlackElo "2454"]
[PlyCount "41"]
[EventDate "2020.12.15"]
[EventType "swiss (blitz)"]
[EventRounds "11"]
[EventCountry "NET"]
[Source "Mark Crowther"]
[SourceDate "2020.12.21"]

1. d4 Nf6 2. c4 e6 3. Nf3 b6 4. Nc3 Bb4 5. Qc2 Bb7 6. a3 Bxc3+ 7. Qxc3 d6 8. e3
O-O 9. Bd3 Nbd7 10. O-O e5 11. dxe5 dxe5 12. Be2 Qe7 13. b4 c5 14. b5 e4 15.
Nh4 Qe6 16. Bb2 g5 17. Rad1 Rfd8 18. Bg4 Qxg4 19. Rxd7 Rxd7 20. Qxf6 Rd4 21.
Nf5 1-0

[Event "Titled Tuesday 2020.12.15"]
[Site "chess.com INT"]
[Date "2020.12.15"]
[Round "3"]
[White "Hambleton, Aman"]
[Black "Buscar, Michael"]
[Result "0-1"]
[WhiteElo "2454"]
[BlackElo "2088"]
[PlyCount "80"]
[EventDate "2020.12.15"]
[EventType "swiss (blitz)"]
[EventRounds "11"]
[EventCountry "NET"]
[Source "Mark Crowther"]
[SourceDate "2020.12.21"]

1. d4 d5 2. c4 e6 3. Nc3 c5 4. cxd5 exd5 5. Nf3 Nc6 6. g3 Nf6 7. Bg2 Be7 8. O-O
O-O 9. Bg5 c4 10. Ne5 Be6 11. Nxc6 bxc6 12. b3 Qa5 13. Na4 Rac8 14. Qd2 Bb4 15.
Qc2 Nd7 16. Be3 Nb6 17. Nc5 Bxc5 18. dxc5 Nd7 19. Qd2 Qa6 20. b4 Qb7 21. Bd4
Rfe8 22. Bc3 Nf8 23. Rfe1 Bf5 24. a3 Bg6 25. f3 Qd7 26. e4 Rcd8 27. exd5 Rxe1+
28. Rxe1 cxd5 29. Rd1 Ne6 30. h4 d4 31. Ba1 c3 32. Qf2 c2 33. Rc1 d3 34. Qd2
Nd4 35. Kh2 Nb3 36. Qc3 Nxa1 37. Qxa1 d2 38. g4 dxc1=Q 39. Qxc1 Qd1 40. Qg5
c1=Q 0-1

[Event "Titled Tuesday 2020.12.15"]
[Site "chess.com INT"]
[Date "2020.12.15"]
[Round "4"]
[White "Toczek, G."]
[Black "Hambleton, Aman"]
[Result "0-1"]
[WhiteElo "2271"]
[BlackElo "2454"]
[PlyCount "166"]
[EventDate "2020.12.15"]
[EventType "swiss (blitz)"]
[EventRounds "11"]
[EventCountry "NET"]
[Source "Mark Crowther"]
[SourceDate "2020.12.21"]

1. e4 b6 2. d4 Bb7 3. Nc3 e6 4. a3 g6 5. Nf3 Bg7 6. Bg5 Ne7 7. Be2 h6 8. Bh4 d6
9. Qd2 Nd7 10. O-O g5 11. Bg3 Ng6 12. Bc4 h5 13. Nxg5 h4 14. Bf4 Nxf4 15. Qxf4
Qf6 16. Qxf6 Bxf6 17. Nf3 O-O-O 18. Rfe1 Rhg8 19. h3 a6 20. a4 Kb8 21. Rad1 Ka7
22. Nh2 Bg7 23. Ng4 Nf6 24. f3 Nh5 25. e5 d5 26. Bf1 c5 27. Ne2 cxd4 28. Nxd4
Nf4 29. c3 Rc8 30. Kf2 Bh8 31. Ke3 Nh5 32. f4 Ng3 33. Kf3 Rcf8 34. Bd3 Bc8 35.
Nc6+ Kb7 36. Nd4 Bd7 37. c4 dxc4 38. Bxc4 Bxa4 39. b3 Be8 40. Bd3 b5 41. Kf2
Kb6 42. Rc1 Bd7 43. Ne2 Nxe2 44. Bxe2 Rc8 45. Bf3 Rxc1 46. Rxc1 Rd8 47. Nh6 Be8
48. Ke2 a5 49. Ng4 Bg7 50. Ne3 Bf8 51. Be4 Bc5 52. Kf3 a4 53. bxa4 Bxe3 54. Rb1
Bc5 55. axb5 Rd4 56. Bc6 Bxc6+ 57. bxc6+ Kxc6 58. Kg4 Rd3 59. Kxh4 Kd7 60. Kg4
Ke7 61. Rb8 Bf2 62. h4 Rg3+ 63. Kh5 Rxg2 64. Rb7+ Kf8 65. Kh6 Bxh4 66. Rb8+ Ke7
67. Rb7+ Ke8 68. Rb8+ Bd8 69. Kh7 Rg4 70. Rb7 Rxf4 71. Kg7 Rg4+ 72. Kh7 Rg5 73.
Rb5 Bc7 74. Rb7 Bxe5 75. Kh6 Rg6+ 76. Kh5 Bg7 77. Ra7 Be5 78. Ra8+ Ke7 79. Ra2
Rg8 80. Ra7+ Kf6 81. Ra2 Bf4 82. Rf2 Kf5 83. Kh4 Rh8# 0-1

[Event "Titled Tuesday 2020.12.15"]
[Site "chess.com INT"]
[Date "2020.12.15"]
[Round "5"]
[White "Hambleton, Aman"]
[Black "Spata, G."]
[Result "1-0"]
[WhiteElo "2454"]
[BlackElo "2257"]
[PlyCount "61"]
[EventDate "2020.12.15"]
[EventType "swiss (blitz)"]
[EventRounds "11"]
[EventCountry "NET"]
[Source "Mark Crowther"]
[SourceDate "2020.12.21"]

1. d4 d5 2. Bf4 Nf6 3. e3 c5 4. c3 Nc6 5. Nd2 Bf5 6. Qb3 Qb6 7. dxc5 Qxb3 8.
axb3 e5 9. Bg5 Bxc5 10. Bxf6 gxf6 11. b4 Bb6 12. Ngf3 Ke7 13. Be2 d4 14. exd4
exd4 15. O-O dxc3 16. bxc3 Rhd8 17. Nc4 Bc7 18. Rfe1 Kf8 19. b5 Ne5 20. Nfxe5
fxe5 21. Bf3 Bd3 22. Nxe5 Bxb5 23. Bxb7 Rab8 24. Bf3 a6 25. Ra2 Rbc8 26. Nc6
Bxc6 27. Bxc6 Bxh2+ 28. Kxh2 Rxc6 29. Re3 Rdc8 30. Ra3 Rh6+ 31. Kg1 1-0

[Event "Titled Tuesday 2020.12.15"]
[Site "chess.com INT"]
[Date "2020.12.15"]
[Round "6"]
[White "Tomb, M."]
[Black "Hambleton, Aman"]
[Result "1/2-1/2"]
[WhiteElo "2084"]
[BlackElo "2454"]
[PlyCount "136"]
[EventDate "2020.12.15"]
[EventType "swiss (blitz)"]
[EventRounds "11"]
[EventCountry "NET"]
[Source "Mark Crowther"]
[SourceDate "2020.12.21"]

1. e4 b6 2. d4 Bb7 3. Nc3 e6 4. Be3 Bb4 5. Bd3 d5 6. exd5 Qxd5 7. Nf3 Nf6 8.
O-O Bxc3 9. bxc3 Qh5 10. Ne5 Qxd1 11. Rfxd1 Nbd7 12. f4 a6 13. a4 Ne4 14. c4 f5
15. a5 Nxe5 16. fxe5 bxa5 17. Rdb1 Bc6 18. Rxa5 O-O 19. d5 Bd7 20. Rb7 Rfc8 21.
h4 Kf7 22. Bxe4 fxe4 23. Kf2 Kg6 24. d6 Bc6 25. Rxc7 Rxc7 26. dxc7 Bb7 27. Bc5
Kf7 28. Bd6 Ke8 29. Ke3 Kd7 30. Kd4 g5 31. hxg5 Rg8 32. Ra3 Rxg5 33. Rh3 h5 34.
g4 Rxg4 35. Rxh5 Bc8 36. Rh7+ Kc6 37. Rh8 Kb7 38. Rh1 Kc6 39. Rh8 e3+ 40. Kxe3
Kb7 41. Kd3 a5 42. Kc3 Rg3+ 43. Kd4 a4 44. Rh1 Kc6 45. Ra1 Rg4+ 46. Kc3 Rg3+
47. Kb2 a3+ 48. Rxa3 Rxa3 49. Kxa3 Kd7 50. Kb4 Bb7 51. Kb5 Kc8 52. Kb6 Bf3 53.
c5 Bg4 54. c6 Bh3 55. c3 Bg4 56. c4 Bh3 57. Kc5 Bg4 58. Kd4 Bh3 59. Ke3 Bf5 60.
Kf4 Bh3 61. Kg3 Bf1 62. Kh4 Bxc4 63. Kg5 Bd5 64. Kf6 Ba2 65. Ke7 Bb3 66. Kf6
Ba2 67. Ke7 Bb3 68. Kf6 Ba2 1/2-1/2

[Event "Titled Tuesday 2020.12.15"]
[Site "chess.com INT"]
[Date "2020.12.15"]
[Round "7"]
[White "Hambleton, Aman"]
[Black "Gulkov, I."]
[Result "0-1"]
[WhiteElo "2454"]
[BlackElo "2358"]
[PlyCount "158"]
[EventDate "2020.12.15"]
[EventType "swiss (blitz)"]
[EventRounds "11"]
[EventCountry "NET"]
[Source "Mark Crowther"]
[SourceDate "2020.12.21"]

1. d4 Nf6 2. c4 g6 3. Nc3 Bg7 4. e4 d6 5. Bd3 O-O 6. Nge2 Nc6 7. O-O Ng4 8. h3
Nh6 9. Be3 f5 10. Qd2 fxe4 11. Bxe4 Nf5 12. Bxf5 Bxf5 13. Rfe1 e5 14. d5 Ne7
15. Bh6 Bxh6 16. Qxh6 Kh8 17. b3 Ng8 18. Qe3 a6 19. f4 exf4 20. Nxf4 Qf6 21.
Ne6 Bxe6 22. dxe6 c6 23. Rad1 Qe7 24. Qd4+ Nf6 25. Qxd6 Qxd6 26. Rxd6 Rae8 27.
Na4 Re7 28. Nc5 Kg7 29. a4 a5 30. b4 axb4 31. a5 Ra8 32. Nb3 Ne8 33. c5 Nc7 34.
Rd7 Rae8 35. Rxe7+ Rxe7 36. Re4 Nxe6 37. Rxb4 Kf6 38. Kf2 Ke5 39. Ke3 Kd5 40.
Re4 Rf7 41. Kd3 Nxc5+ 42. Nxc5 Kxc5 43. Re5+ Kb4 44. Rg5 Rd7+ 45. Kc2 c5 46. h4
Rc7 47. h5 gxh5 48. Rxh5 Kxa5 49. Kb3 Kb5 50. g4 Rg7 51. g5 Rf7 52. Kc3 b6 53.
Kd3 Rf3+ 54. Ke4 Rg3 55. Kf4 Rg1 56. Rxh7 c4 57. Rc7 Kb4 58. Kf5 c3 59. g6 b5
60. g7 Kb3 61. Ke4 c2 62. Kd3 Rxg7 63. Rxg7 c1=Q 64. Rg2 Qc3+ 65. Ke2 Qc2+ 66.
Kf3 Qxg2+ 67. Kxg2 Kc2 68. Kf3 b4 69. Ke3 b3 70. Kd4 b2 71. Kc4 b1=Q 72. Kd4
Qb5 73. Ke3 Qe5+ 74. Kf3 Kd3 75. Kf2 Qf4+ 76. Kg2 Ke2 77. Kh1 Qg4 78. Kh2 Kf2
79. Kh1 Qg2# 0-1

[Event "Titled Tuesday 2020.12.15"]
[Site "chess.com INT"]
[Date "2020.12.15"]
[Round "8"]
[White "Stromboli, E."]
[Black "Hambleton, Aman"]
[Result "0-1"]
[WhiteElo "2308"]
[BlackElo "2454"]
[PlyCount "158"]
[EventDate "2020.12.15"]
[EventType "swiss (blitz)"]
[EventRounds "11"]
[EventCountry "NET"]
[Source "Mark Crowther"]
[SourceDate "2020.12.21"]

1. e4 b6 2. Nc3 Bb7 3. Nf3 e6 4. d4 Bb4 5. Bd3 Nf6 6. Qe2 d5 7. exd5 Qxd5 8.
Bd2 Bxc3 9. bxc3 Qh5 10. O-O Nbd7 11. Bf4 O-O 12. Ne5 Qxe2 13. Bxe2 Nd5 14. Bf3
Nxe5 15. Bxe5 Ba6 16. Bxd5 exd5 17. Rfe1 c6 18. a4 Bc4 19. a5 bxa5 20. Rxa5 a6
21. f3 Rfe8 22. Kf2 f6 23. Bf4 Rxe1 24. Kxe1 Re8+ 25. Kd1 g5 26. Bg3 Bb5 27. h4
h6 28. hxg5 hxg5 29. Bc7 Kf7 30. Bg3 Kg6 31. Bd6 Kf5 32. g4+ Kg6 33. f4 gxf4
34. Bxf4 Re4 35. Bd6 Rxg4 36. Kd2 Rg1 37. Ke3 Kf5 38. Bb8 Rg2 39. Ra2 Ke6 40.
Kf3 Rd2 41. Bf4 Rd1 42. Kf2 Rf1+ 43. Ke3 Kf5 44. Bc7 Kg4 45. c4 Bxc4 46. Rb2
Bb5 47. Kd2 f5 48. Kc3 f4 49. Kb4 f3 50. Kc5 f2 51. c4 Bxc4 52. Bd8 Kf3 53. Bh4
Be2 54. Kd6 Rd1 55. Bxf2 Kxf2 56. Kxc6 Ke3 57. Kc5 Bb5 58. Rb3+ Rd3 59. Rb4 Bc4
60. Rb1 Rxd4 61. Re1+ Kd2 62. Re8 Rd3 63. Rb8 Rb3 64. Rh8 Kc3 65. Rh3+ Bd3 66.
Kxd5 Rb5+ 67. Kc6 Rb4 68. Kc5 a5 69. Rg3 Rb5+ 70. Kc6 Rb4 71. Kc5 Rc4+ 72. Kd5
a4 73. Rg8 a3 74. Rg2 Ra4 75. Ra2 Bc4+ 76. Kc5 Bxa2 77. Kb5 Kb3 78. Kc5 Bb1 79.
Kd5 a2 0-1

[Event "Titled Tuesday 2020.12.15"]
[Site "chess.com INT"]
[Date "2020.12.15"]
[Round "9"]
[White "Hambleton, Aman"]
[Black "Tikhonov, Viacheslav"]
[Result "1-0"]
[WhiteElo "2454"]
[BlackElo "2274"]
[PlyCount "65"]
[EventDate "2020.12.15"]
[EventType "swiss (blitz)"]
[EventRounds "11"]
[EventCountry "NET"]
[Source "Mark Crowther"]
[SourceDate "2020.12.21"]

1. d4 Nf6 2. c4 g6 3. Nc3 d5 4. cxd5 Nxd5 5. Bd2 Nb6 6. Nf3 Bg7 7. Qc1 O-O 8.
Bh6 c5 9. Bxg7 Kxg7 10. dxc5 N6d7 11. b4 b6 12. cxb6 Qxb6 13. Nd5 Qd6 14. Qc3+
e5 15. Nc7 Bb7 16. Nxa8 Bxa8 17. Rd1 Qe6 18. e3 Bxf3 19. gxf3 Nb6 20. Be2 N8d7
21. Qb3 Qh3 22. a4 Qg2 23. Rf1 Nf6 24. a5 Nbd5 25. Rxd5 Nxd5 26. Qxd5 Qxh2 27.
f4 Qh4 28. Rh1 Qe7 29. Qxe5+ Qxe5 30. fxe5 Rb8 31. b5 a6 32. bxa6 Rb1+ 33. Kd2
1-0

[Event "Titled Tuesday 2020.12.15"]
[Site "chess.com INT"]
[Date "2020.12.15"]
[Round "10"]
[White "Hansch, Ka"]
[Black "Hambleton, Aman"]
[Result "1-0"]
[WhiteElo "2300"]
[BlackElo "2454"]
[PlyCount "85"]
[EventDate "2020.12.15"]
[EventType "swiss (blitz)"]
[EventRounds "11"]
[EventCountry "NET"]
[Source "Mark Crowther"]
[SourceDate "2020.12.21"]

1. e4 b6 2. d4 Bb7 3. Bd3 e6 4. c3 d5 5. e5 Qd7 6. Nf3 Ba6 7. O-O Bxd3 8. Qxd3
c5 9. c4 Ne7 10. Nc3 dxc4 11. Qxc4 cxd4 12. Nb5 Nd5 13. Nbxd4 Bc5 14. Nb3 Be7
15. Bg5 O-O 16. Rac1 a5 17. Rfd1 Na6 18. Bxe7 Qxe7 19. Nbd4 Nc5 20. Nb5 h6 21.
h3 a4 22. b4 axb3 23. axb3 Rfd8 24. b4 Na6 25. Nfd4 Naxb4 26. Nd6 Qg5 27. Nf3
Qf4 28. Rd4 b5 29. Qc5 Qxc1+ 30. Qxc1 Na2 31. Qb2 b4 32. Rc4 Nac3 33. Rxb4 Nxb4
34. Qxb4 Nd5 35. Qb7 Rf8 36. Nd4 Rab8 37. Qd7 Rb1+ 38. Kh2 Re1 39. Nc6 Nf4 40.
Nxf7 Ng6 41. Qxe6 Kh7 42. Ncd8 Re2 43. Qf5 1-0